|
|
|
|
| LEADER |
00000nam0a2200000 4500 |
| 001 |
309560 |
| 005 |
20231102002212.0 |
| 020 |
|
|
|a RU
|b 81-93908
|
| 035 |
|
|
|a (RuTPU)RU\TPU\book\334882
|
| 090 |
|
|
|a 309560
|
| 100 |
|
|
|a 20151114d1981 m y0rusy5003 ca
|
| 101 |
0 |
|
|a rus
|
| 102 |
|
|
|a RU
|
| 105 |
|
|
|a a j 001zy
|
| 200 |
1 |
|
|a Монтаж оборудования общего назначения и технологических трубопроводов
|e учебник для училищ
|f К. М. Гайдамак
|
| 210 |
|
|
|a Москва
|c Высшая школа
|d 1981
|
| 215 |
|
|
|a 222 с.
|c ил.
|
| 225 |
1 |
|
|a Профтехобразование
|
| 320 |
|
|
|a Библиогр.: с. 220
|
| 606 |
1 |
|
|a Трубопроводы
|x Прокладка и монтаж
|x Механизация
|2 stltpush
|3 (RuTPU)RU\TPU\subj\61758
|9 78921
|
| 610 |
1 |
|
|a промышленное оборудование
|
| 610 |
1 |
|
|a учебники
|
| 610 |
1 |
|
|a сборочные работы
|
| 610 |
1 |
|
|a такелажные работы
|
| 610 |
1 |
|
|a насосы
|
| 610 |
1 |
|
|a компрессоры
|
| 610 |
1 |
|
|a вентиляторы
|
| 610 |
1 |
|
|a непрерывный транспорт
|
| 610 |
1 |
|
|a технологические трубопроводы
|
| 675 |
|
|
|a 69.057.4(075.3)
|z rus
|v 3
|
| 700 |
|
1 |
|a Гайдамак
|b К. М.
|g Карл Максович
|4 070
|
| 801 |
|
0 |
|a RU
|b RuMRKP
|c 19950704
|g psbo
|
| 801 |
|
1 |
|a RU
|b 63413507
|c 20151114
|
| 801 |
|
2 |
|a RU
|b 63413507
|c 20190917
|g RCR
|
| 942 |
|
|
|c BK
|